| 000 | 005110000a22001930004500 | ||
|---|---|---|---|
| 003 | LK-CoMWRAF | ||
| 005 | 20231015001921.0 | ||
| 008 | 230817t2000 ||||| |||| 00| 0 eng d | ||
| 020 | _a9555731454 | ||
| 040 |
_aLK-CoMWRAF _dLK-CoMWRAF _eLK-CoMWRAF |
||
| 041 | _aeng | ||
| 082 |
_a823 _bFER |
||
| 100 | _aFernandopulle, Neil | ||
| 245 |
_aShrapnel : _bA collection of short stories |
||
| 260 |
_aNugegoda : _bNeil Fernandopulle, _c2000 |
||
| 300 | _a128p | ||
| 650 | _aSri Lankan Fiction--English | ||
| 942 | _cBK | ||
| 999 |
_c207 _d207 |
||